Germany Quiz A-Z - Statistics

General Stats
  • This quiz has been taken 46 times
  • The average score is 21 of 26
Answer Stats
Hint Answer % Correct
D) German for Germany Deutschland
100%
F) Financial capital of Germany Frankfurt
100%
O) Famous beer festival held in letter Meach year Oktoberfest
98%
A) Famous highway where there isno set speed limit Autobahn
95%
B) Capital of West Germany beforereunification Bonn
95%
N) Where the war trials were held after WW2 for Nazi leaders Nuremberg
95%
R) River that runs thru western Germany Rhine
95%
V) Most popular automaker Volkswagen
95%
H) Large city in the north of the country,sits on the river in letter E Hamburg
93%
M) Capital of Bavaria and the 3rd largest in Germany Munich
93%
C) Home to a massive Gothic cathedralbuilt in the middle ages Cologne
90%
L) Flagship airline Lufthansa
88%
X) Physicist Wilhelm Röntgen discoveredthis type of wavelength used in medical imaging X Ray
88%
Z) Giant, blimp-like airship named for the Germaninventor who pioneered it Zeppelin
88%
P) Large, powerful state that united theGerman states in 1871 Prussia
86%
Q) German scientist Max Planck wasconsidered the father of the _____ Theory Quantum
86%
K) German Emperor or the name ofa soft bread roll Kaiser
83%
J) German pioneer who revolutionizedthe printing press in the 1400s Johannes Gutenberg
79%
S) City home to the Mercedes Benz HQ Stuttgart
76%
E) River that empties into the NorthSea in Germany Elbe
71%
U) The German form of a subway/metrounderground U Bahn
69%
G) German phrase said after sneezing Gesundheit
62%
Y) Traditional log burned at Christmas in Germany Yule
57%
W) City where the above HQ is located Wolfsburg
50%
I) This Bavarian city is the HQ of Audi Ingolstadt
45%
T) Erfurt is the capital of this state Thuringia
43%
No matching quizzes found
Score Distribution
Percent of People with Each Score
Percentile by Number Answered
Your Score History
You have not taken this quiz